00418nam a2200121Ia 4500001000900000003000500009008004100014010001100055040000900066100003000075245010700105260008400212dia_6636CHAP220117s1968 xx 000 0 und d a178869 cCHAP aCrispín Medina, Alfonso aEl frijol : un cultivo importante en México /c Alfonso Crispín Medina y Salvador Miranda Colín aMéxico :b S. A. G. Instituto Nacional de Investigaciones Agrícolas,c1968